| 000 | 01554nam a22002417a 4500 | ||
|---|---|---|---|
| 999 |
_c18504 _d18504 |
||
| 005 | 20251125232907.0 | ||
| 008 | s2543 th tha d | ||
| 020 | _a9747737264 | ||
| 040 | _aNALT | ||
| 041 | _atha | ||
| 245 | 1 | 0 | _aพระราชบัญญัติการแข่งขันทางการค้า พ.ศ.2542 พระราชบัญญัติว่าด้วยราคาสินค้าและบริการ พ.ศ.2542 พระราชบัญญัติการตอบโต้การทุ่มตลาดและการอุดหนุนซึ่งสินค้าจากต่างประเทศ |
| 260 | 3 |
_aกรุงเทพฯ : _bนิติธรรม, _c2543 |
|
| 300 |
_a275 หน้า ; _b 21 ซม. |
||
| 650 | 0 | 4 | _aการค้าระหว่างประเทศ -- กฎหมายและระเบียบข้อบังคับ |
| 650 | 0 | 4 | _aการตอบโต้การทุ่มตลาดและการอุดหนุนซึ่งสินค้าจากต่างประเทศ (พ.ร.บ.) -- 2542 |
| 650 | 0 | 4 | _aการแข่งขันทางการค้า |
| 650 | 0 | 4 | _aการแข่งขันทางการค้า (พ.ร.บ.) -- 2542 |
| 850 | _aNALT | ||
| 856 | 4 | 0 |
_uhttps://hdl.handle.net/20.500.14156/302508 _71 |
| 942 |
_cLB _2lcc _01 |
||
| 998 |
_j8 _k นายบัณฑิต อุทาวงค์ |
||
| 090 | _aKK42 พ371 2543 | ||